Lezioni sul primo capitolo della Genesi date in una scuola della domenica da L. Gaussen
Saved in:
| Main Author: | |
|---|---|
| Other Authors: | |
| Format: | Book |
| Language: | Italian |
| Published: |
Firenze :
Tip. Claudiana,
1868
|
| Textbook Catalogue: | EDISCO: Library Catalog Search Result |
| Textbook Classification: |
|
| Subjects: | |
| Tags: |
Add Tag
No Tags, Be the first to tag this record!
|
| Added to: | 2002-07-31 |
| Changed in: | 2020-01-14 |
MARC
| LEADER | 00000nam a22000007i 4500 | ||
|---|---|---|---|
| 001 | IT\ICCU\TO0\1104878 | ||
| 003 | ItRI | ||
| 005 | 20200114142454.0 | ||
| 008 | 020801s1868 it |||||| ||||| |||||c | ||
| 999 | |c 26366 |d 26366 | ||
| 040 | |b ita |c Polo_Uto | ||
| 041 | 7 | |a ita |2 ISO-639-2 | |
| 100 | 1 | |a Gaussen, Louis |0 IT\ICCU\TO0V\617642 |4 Author |9 2873 | |
| 245 | 1 | 0 | |a Lezioni sul primo capitolo della Genesi date in una scuola della domenica da L. Gaussen / |c traduzione dal francese di R. De Schroeter. |
| 260 | |a Firenze : |b Tip. Claudiana, |c 1868 | ||
| 300 | |a 158 p. ; |c 18 cm. | ||
| 650 | |a Religione |9 108 | ||
| 655 | |a Manuale |9 29 | ||
| 690 | |a Educazione degli adulti |x Scuole Serali e festive |9 136 | ||
| 700 | 1 | |a De Schroeter, Raffaele |0 IT\ICCU\CUBV\060443 |9 2874 | |
| 982 | 1 | |6 z01 |a n | |
| 942 | |2 ddc | ||
| 981 | 1 | |6 z01 |a i |b xxxe | |
| 999 | |c edisco:26366 |d 26366 | ||